The conflict over Kosovo : why Milosevic decided to settle when he did /

Bibliographic Details
Main Author: Hosmer, Stephen T.
Corporate Author: NetLibrary, Inc
Format: eBook
Language:English
Published: Santa Monica, CA : Rand, [2001]
Subjects:
Online Access:Connect to the full text of this electronic book

MARC

Tag First Indicator Second Indicator Subfields
LEADER 00000cam a2200000Ia 4500
001 in00002030607
005 20220105141938.0
006 m d
007 cr cn-
008 021010s2001 cau sb 000 0 eng d
020 |a 0585425388 (electronic bk.) 
035 |a (OCoLC)ocm50763967 
040 |a N$T  |c N$T  |d UtOrBLW 
043 |a e-yu--- 
049 |a IICN 
050 1 4 |a DR2087  |b .H67 2001eb 
082 0 4 |a 949.7103  |2 21 
100 1 |a Hosmer, Stephen T.  |0 http://id.loc.gov/authorities/names/n79133697 
245 1 4 |a The conflict over Kosovo :  |b why Milosevic decided to settle when he did /  |c Stephen T. Hosmer. 
246 3 0 |a Why Milosevic decided to settle when he did 
264 1 |a Santa Monica, CA :  |b Rand,  |c [2001] 
264 4 |c ©2001 
300 |a xxxi, 155 pages ;  |c 23 cm. 
336 |a text  |b txt  |2 rdacontent 
337 |a computer  |b c  |2 rdamedia 
338 |a online resource  |b cr  |2 rdacarrier 
500 |a At head of title: Project Air Force. 
500 |a "Prepared for the United States Air Force. Approved for public release, distribution unlimited." 
504 |a Includes bibliographical references (pages 139-155). 
533 |a Electronic reproduction.  |b Boulder, Colo. :  |c NetLibrary,  |d 2002.  |n Available via World Wide Web.  |n Access may be limited to NetLibrary affiliated libraries. 
500 |a Electronic resource. 
650 0 |a Kosovo War, 1998-1999.  |0 http://id.loc.gov/authorities/subjects/sh99000446 
600 1 0 |a Milošević, Slobodan,  |d 1941-2006.  |0 http://id.loc.gov/authorities/names/n88221123 
655 7 |a Electronic books.  |2 local 
710 2 |a NetLibrary, Inc.  |0 http://id.loc.gov/authorities/names/no99080690 
776 1 |c Original  |z 0833030035  |w (DLC) 2001031973  |w (OCoLC)46976540 
856 4 1 |u https://proxy.library.tamu.edu/login?url=http://www.netLibrary.com/urlapi.asp?action=summary&v=1&bookid=63506  |z Connect to the full text of this electronic book  |t 0 
994 |a 92  |b IIC 
999 |a MARS 
999 f f |s ff6eeb73-ec8f-3af6-a834-bfb4f5104402  |i 7c8ff95f-f276-34e1-afa3-3c9feebf6121  |t 0 
952 f f |a Texas A&M University  |b College Station  |c Electronic Resources  |d Available Online  |t 0  |e DR2087 .H67 2001eb  |h Library of Congress classification 
998 f f |a DR2087 .H67 2001eb  |t 0  |l Available Online